banner

Eficacia clínica del acompañamiento terapéutico / (Registro nro. 1816)

000 -LEADER
fixed length control field 02453nam a2200397 a 4500
003 - CONTROL NUMBER IDENTIFIER
control field AR-BaISA
005 - DATE AND TIME OF LATEST TRANSACTION
control field 20250521165927.0
007 - PHYSICAL DESCRIPTION FIXED FIELD--GENERAL INFORMATION
fixed length control field ta
008 - FIXED-LENGTH DATA ELEMENTS--GENERAL INFORMATION
fixed length control field 250521s2002 ag ||||f |||| 000 0 spa d
020 ## - INTERNATIONAL STANDARD BOOK NUMBER
International Standard Book Number 9879165314
040 ## - CATALOGING SOURCE
Language of cataloging spa
Transcribing agency AR-BaISA
082 04 - DEWEY DECIMAL CLASSIFICATION NUMBER
Edition number 22
Classification number 615.851 5 M318
245 00 - TITLE STATEMENT
Title Eficacia clínica del acompañamiento terapéutico /
Statement of responsibility, etc. Federico Manson, Gustavo Rossi, Gabriel Pulice, María Laura Frank, Silvia Alderete, Pablo Daragotto, Luis Leblebdijian (compiladores)
260 ## - PUBLICATION, DISTRIBUTION, ETC.
Place of publication, distribution, etc. Buenos Aires:
Name of publisher, distributor, etc. Polemos,
Date of publication, distribution, etc. 2002
300 ## - PHYSICAL DESCRIPTION
Extent 174 p.
505 ## - FORMATTED CONTENTS NOTE
Statement of responsibility Karina Chayan /
Title Y el verbo se hizo carne --
505 ## - FORMATTED CONTENTS NOTE
Statement of responsibility Gustavo Rivarola /
Title Acompañamiento terapéutico y función secretario --
505 ## - FORMATTED CONTENTS NOTE
Statement of responsibility Ariel Rondinone, Gerardo Pérez y Gustavo Racca /
Title 35000 horas de acompañamiento terapéutico consecutivas, ¿deben plantear un dilema ético? --
505 ## - FORMATTED CONTENTS NOTE
Statement of responsibility Viviana Fantinato, Paola Méndez y Alejandra Saranitte /
Title El ojo avizor --
505 ## - FORMATTED CONTENTS NOTE
Statement of responsibility Marisa Pugés /
Title Un cambio de posición: desde el otro lado del espejo --
505 ## - FORMATTED CONTENTS NOTE
Statement of responsibility Rosa Graciela D´alessio /
Title De encierros y fugas, un recorrido --
505 ## - FORMATTED CONTENTS NOTE
Statement of responsibility Patricia Anido y Sandra Sarbia /
Title Una lectura posible de una temporada con Ana --
505 ## - FORMATTED CONTENTS NOTE
Statement of responsibility Franco Ingrassia /
Title Intervenir en situación: el acompañamiento terapéutico como práctica de discurso --
505 ## - FORMATTED CONTENTS NOTE
Statement of responsibility Ruth Akselrad y Claudia Levit /
Title Acompañamiento terapéutico y autismo --
505 ## - FORMATTED CONTENTS NOTE
Statement of responsibility Graciela Bustos /
Title Diferentes modalidades de acompañamiento terapéutico en un hospital transformado --
505 ## - FORMATTED CONTENTS NOTE
Title Abstracts de artículos --
-- MESAS REDONDAS:
-- La formación académica del acompañante psicoterapéutico --
-- El rol del acompañamiento en los tratamientos y la educación de las personas con capacidades diferentes --
-- Marco legal para la práctica del acompañamiento terapéutico: derechos y responsabilidades --
-- El acompañamiento terapéutico en las políticas de salud mental --
-- Anexo: Segundo Congreso Nacional de Acompañamiento Terapéutico
650 14 - SUBJECT ADDED ENTRY--TOPICAL TERM
9 (RLIN) 3295
Topical term or geographic name entry element Procedimientos terapéuticos
700 ## - ADDED ENTRY--PERSONAL NAME
9 (RLIN) 3730
Personal name Federico Manson
Relator term comp.
700 ## - ADDED ENTRY--PERSONAL NAME
9 (RLIN) 3555
Personal name Rossi, Gustavo Pablo
Relator term comp.
700 ## - ADDED ENTRY--PERSONAL NAME
9 (RLIN) 3731
Personal name Pulice, Gabriel
Relator term comp.
700 ## - ADDED ENTRY--PERSONAL NAME
9 (RLIN) 3732
Personal name Frank, María Laura
Relator term comp.
700 ## - ADDED ENTRY--PERSONAL NAME
9 (RLIN) 3733
Personal name Alderete, Silvia
Relator term comp.
700 ## - ADDED ENTRY--PERSONAL NAME
9 (RLIN) 3734
Personal name Dragoto, Federico
Relator term comp.
700 ## - ADDED ENTRY--PERSONAL NAME
9 (RLIN) 3735
Personal name Leblebdijian, Luis
Relator term comp.
942 ## - ADDED ENTRY ELEMENTS (KOHA)
Source of classification or shelving scheme
Koha item type Libros
Edition 22
Existencias
Withdrawn status Lost status Source of classification or shelving scheme Damaged status Not for loan Permanent Location Current Location Date acquired Inventory number Full call number Barcode Date last seen Price effective from Koha item type
          Biblioteca ISALUD. Dr. Néstor Rodríguez Campoamor Biblioteca ISALUD. Dr. Néstor Rodríguez Campoamor 2025-05-21 5423 615.851 5 M318 5423 2025-05-21 2025-05-21 Libros